00834cam a22002411 450000100060000000300080000600500170001400800410003103500190007204000360009104100080012708200220013510000390015724500740019626000370027030000310030750400270033865000270036565000300039294200120042299900170043495201410045122760BD-RjUL20211209000840.0140309s1946 le a b 000 0 eng d a(BD-RjUL)22825 aDLC/ICUcICUdDLCdBD-RjULbeng aeng00a610.953bKHO 19461 aKhairallah, Amin A.,d1889-97020610aOutline of Arabic contributions to medicine /cby Amin A. Khairallah. aBeirut :c1946.bAmerican Press, a228 p. :billus. ;c24 cm. aIncludes bibliography. 0aMedicine, Arab.937825 0aScience, Medieval.924538 2ddccBK c22760d22760 00102ddc40728NFICaRUCLbRUCLcReadingd1962-11-29eZeitlingerg49.00l0o610.953 KHO 1946r2014-03-09 00:00:00tC-1w2014-03-09yBK